000
00352nam a22001577a 4500
003
MPLRDC
005
20220104144204.0
008
210129b ||||| |||| 00| 0 eng d
082
_a
868.8 MZ c.3
100
_a
孟紫著
245
_a
鞭
_c
260
_a
_b
新加坡写作人协会
_c
1981
300
_b
平
650
_a
942
_c
BK
_o
868.8 MZ c.3
999
_c
47234
_d
47224